| 000 | 00997pam a2200289 a 4500 | ||
|---|---|---|---|
| 001 | 015668274 | ||
| 003 | OSt | ||
| 005 | 20201128021141.0 | ||
| 008 | 101005t2011 xxuadk frb 001 0 eng d | ||
| 020 | _a9780132553179 (pbk.) | ||
| 020 | _a0132553171 (pbk.) | ||
| 040 |
_aStDuBDS _beng _cStDuBDS _dUk _dEG-ScBUE |
||
| 082 | 0 | 0 |
_a004.6 _222 _bTAN |
| 100 | 1 |
_aTanenbaum, Andrew S., _d1944- _936862 |
|
| 245 | 1 | 0 |
_aComputer networks / _cAndrew S. Tanenbaum, David J. Wetherall. |
| 250 |
_a5th ed., _bInternational ed. |
||
| 260 |
_aBoston, United States : _bPearson Education Inc., _cc.2011. |
||
| 300 |
_a951 p. : _bcharts, forms, tables ; _c24 cm. |
||
| 500 | _aPrevious ed. : Upper Saddle River, N.J.: Prentice Hall PTR, 2003. | ||
| 500 | _aIndex : p. 923-951. | ||
| 504 | _aBibliography : p. 902-919. | ||
| 650 | 0 |
_aComputer networks _91660 |
|
| 653 |
_bENGELC _bCOMSCI _cDecember2014 |
||
| 655 |
_vreading book _934232 |
||
| 700 | 1 |
_aWetherall, D. _q(David) _936863 |
|
| 942 |
_2ddc _k004.6 TAN |
||
| 999 |
_c18750 _d18722 |
||